<?xml version="1.0" encoding="UTF-8"?>
<record
    xmlns:xsi="http://www.w3.org/2001/XMLSchema-instance"
    xsi:schemaLocation="http://www.loc.gov/MARC21/slim http://www.loc.gov/standards/marcxml/schema/MARC21slim.xsd"
    xmlns="http://www.loc.gov/MARC21/slim">

  <leader>01332nam a22002177a 4500</leader>
  <controlfield tag="005">20180411115320.0</controlfield>
  <datafield tag="010" ind1=" " ind2=" ">
    <subfield code="a">HIN-103999             B-689732-733</subfield>
  </datafield>
  <datafield tag="020" ind1=" " ind2=" ">
    <subfield code="a">9788175660823                                  </subfield>
    <subfield code="c">350.00</subfield>
  </datafield>
  <datafield tag="035" ind1=" " ind2=" ">
    <subfield code="a">HN-76345</subfield>
  </datafield>
  <datafield tag="037" ind1=" " ind2=" ">
    <subfield code="b">DBAD / PUB</subfield>
  </datafield>
  <datafield tag="082" ind1=" " ind2=" ">
    <subfield code="a">921</subfield>
  </datafield>
  <datafield tag="100" ind1=" " ind2=" ">
    <subfield code="a">&#x930;&#x918;&#x941;&#x935;&#x940;&#x930; &#x938;&#x93F;&#x902;&#x939; '&#x905;&#x930;&#x935;&#x93F;&#x928;&#x94D;&#x926;'</subfield>
  </datafield>
  <datafield tag="245" ind1=" " ind2=" ">
    <subfield code="a">&#x938;&#x94D;&#x935;&#x924;&#x902;&#x924;&#x94D;&#x930;&#x924;&#x93E; &#x938;&#x947;&#x928;&#x93E;&#x928;&#x940;&#x903;&#x930;&#x93E;&#x91C;&#x93E; &#x92E;&#x939;&#x947;&#x928;&#x94D;&#x926;&#x94D;&#x930; &#x92A;&#x94D;&#x930;&#x924;&#x93E;&#x92A; /</subfield>
    <subfield code="c">&#x930;&#x918;&#x941;&#x935;&#x940;&#x930; &#x938;&#x93F;&#x902;&#x939; '&#x905;&#x930;&#x935;&#x93F;&#x928;&#x94D;&#x926;'</subfield>
  </datafield>
  <datafield tag="246" ind1=" " ind2=" ">
    <subfield code="a">Swatantrata senani:raja Mahendra Pratap</subfield>
    <subfield code="b">by Raghuveer Singh ' Arvind'</subfield>
  </datafield>
  <datafield tag="260" ind1=" " ind2=" ">
    <subfield code="a">&#x926;&#x93F;&#x932;&#x94D;&#x932;&#x940;</subfield>
    <subfield code="b">&#x905;&#x935;&#x93F;&#x930;&#x93E;&#x92E; &#x92A;&#x94D;&#x930;&#x915;&#x93E;&#x936;&#x928;</subfield>
    <subfield code="c">2017</subfield>
  </datafield>
  <datafield tag="270" ind1=" " ind2=" ">
    <subfield code="b">&#x926;&#x93F;&#x932;&#x94D;&#x932;&#x940;</subfield>
    <subfield code="a">29/61, &#x917;&#x932;&#x940; &#x928;&#x902;-11, &#x935;&#x93F;&#x936;&#x94D;&#x935;&#x93E;&#x938; &#x928;&#x917;&#x930;</subfield>
    <subfield code="e">110032</subfield>
    <subfield code="k">09873072424</subfield>
  </datafield>
  <datafield tag="300" ind1=" " ind2=" ">
    <subfield code="a">152&#x92A;&#x943;.</subfield>
    <subfield code="c">22 &#x938;&#x947;&#x92E;&#x940;.(&#x938;&#x91C;&#x93F;&#x932;&#x94D;&#x926;)</subfield>
  </datafield>
  <datafield tag="500" ind1=" " ind2=" ">
    <subfield code="a">&#x92C;&#x932;&#x93F;&#x926;&#x93E;&#x928;&#x940; &#x92A;&#x941;&#x938;&#x94D;&#x924;&#x915; </subfield>
  </datafield>
  <datafield tag="942" ind1=" " ind2=" ">
    <subfield code="2">ddc</subfield>
    <subfield code="c">HN</subfield>
    <subfield code="h">921</subfield>
    <subfield code="m">&#x930;&#x918;&#x941;&#x935;&#x940;</subfield>
  </datafield>
  <datafield tag="999" ind1=" " ind2=" ">
    <subfield code="c">89886</subfield>
    <subfield code="d">89886</subfield>
  </datafield>
  <datafield tag="952" ind1=" " ind2=" ">
    <subfield code="0">0</subfield>
    <subfield code="1">0</subfield>
    <subfield code="4">0</subfield>
    <subfield code="7">1</subfield>
    <subfield code="8">NFIC</subfield>
    <subfield code="a">DBAD</subfield>
    <subfield code="b">DBAD</subfield>
    <subfield code="d">2014-11-10</subfield>
    <subfield code="e">DBAD / PUB</subfield>
    <subfield code="g">350.00</subfield>
    <subfield code="l">0</subfield>
    <subfield code="o">921 &#x930;&#x93E;&#x91C;&#x93E;&#x92E;</subfield>
    <subfield code="p">HN-76345</subfield>
    <subfield code="r">2014-11-10 00:00:00</subfield>
    <subfield code="t">1</subfield>
    <subfield code="v">350.00</subfield>
    <subfield code="y">HN</subfield>
  </datafield>
  <datafield tag="952" ind1=" " ind2=" ">
    <subfield code="0">0</subfield>
    <subfield code="1">0</subfield>
    <subfield code="4">0</subfield>
    <subfield code="7">0</subfield>
    <subfield code="8">NFIC</subfield>
    <subfield code="a">L</subfield>
    <subfield code="b">L</subfield>
    <subfield code="d">2018-04-11</subfield>
    <subfield code="e">&#x930;&#x93E;&#x937;&#x94D;&#x91F;&#x94D;&#x930;&#x940;&#x92F; &#x939;&#x93F;&#x928;&#x94D;&#x926;&#x940; &#x938;&#x93E;&#x939;&#x93F;&#x924;&#x94D;&#x92F; &#x92A;&#x930;&#x93F;&#x937;&#x926;/1946/18/28-02-18/850/20-02-18/01-03-18</subfield>
    <subfield code="g">350.00</subfield>
    <subfield code="l">0</subfield>
    <subfield code="o">921 &#x930;&#x918;&#x941;&#x935;&#x940;</subfield>
    <subfield code="p">B-689732</subfield>
    <subfield code="r">2018-04-11 00:00:00</subfield>
    <subfield code="t">1</subfield>
    <subfield code="v">350.00</subfield>
    <subfield code="w">2018-04-11</subfield>
    <subfield code="y">HN</subfield>
    <subfield code="z">&#x92C;&#x932;&#x93F;&#x926;&#x93E;&#x928;&#x940; </subfield>
  </datafield>
  <datafield tag="952" ind1=" " ind2=" ">
    <subfield code="0">0</subfield>
    <subfield code="1">0</subfield>
    <subfield code="4">0</subfield>
    <subfield code="7">0</subfield>
    <subfield code="8">NFIC</subfield>
    <subfield code="a">ZLS</subfield>
    <subfield code="b">ZLS</subfield>
    <subfield code="d">2018-04-11</subfield>
    <subfield code="e">&#x930;&#x93E;&#x937;&#x94D;&#x91F;&#x94D;&#x930;&#x940;&#x92F; &#x939;&#x93F;&#x928;&#x94D;&#x926;&#x940; &#x938;&#x93E;&#x939;&#x93F;&#x924;&#x94D;&#x92F; &#x92A;&#x930;&#x93F;&#x937;&#x926;/1946/18/28-02-18/850/20-02-18/01-03-18</subfield>
    <subfield code="g">350.00</subfield>
    <subfield code="l">0</subfield>
    <subfield code="o">921 &#x930;&#x918;&#x941;&#x935;&#x940;</subfield>
    <subfield code="p">B-689733</subfield>
    <subfield code="r">2018-04-11 00:00:00</subfield>
    <subfield code="t">1</subfield>
    <subfield code="v">350.00</subfield>
    <subfield code="w">2018-04-11</subfield>
    <subfield code="y">HN</subfield>
    <subfield code="z">&#x92C;&#x932;&#x93F;&#x926;&#x93E;&#x928;&#x940; </subfield>
  </datafield>
</record>
